Heraclides of Pontus : discussion (Record no. 203898)

MARC details
000 -LEADER
fixed length control field 00764nam a2200217Ia 4500
008 - FIXED-LENGTH DATA ELEMENTS--GENERAL INFORMATION
fixed length control field 191130s2009##################000#0#eng##
020 ## - INTERNATIONAL STANDARD BOOK NUMBER
ISBN 9781412807982
082 ## - DEWEY DECIMAL CLASSIFICATION NUMBER
Classification number 184 FOR.15
245 ## - TITLE STATEMENT
Title Heraclides of Pontus : discussion
Statement of responsibility, etc William W. Fortenbaugh and Elizabeth Pender [editors]
260 ## - PUBLICATION, DISTRIBUTION, ETC. (IMPRINT)
Place of publication New Brunswick, NJ
Name of publisher Transaction Publishers
Year of publication c2009
300 ## - PHYSICAL DESCRIPTION
Number of Pages xxvi, 324 p. : ill. ; 24 cm
500 ## - GENERAL NOTE
General note Includes bibliographical references and index. English and Italian
650 ## - SUBJECT ADDED ENTRY--TOPICAL TERM
Topical Term Heraclides, Ponticus, ca. 390-310 B.C - Criticism and interpretation
700 ## - ADDED ENTRY--PERSONAL NAME
Personal name Fortenbaugh, William W
Personal name Pender, E. E
991 ## -
-- 288729
Holdings
Withdrawn status Lost status Damaged status Not for loan Home library Current library Shelving location Date acquired Full call number Accession Number Price effective from Koha item type
        Anna Centenary Library Anna Centenary Library 3RD FLOOR, A WING 13.10.2020 184 FOR.15 335919 13.10.2020 English Books

Find us on the map